| 000 | 01066nam a2200313 c 4500 | ||
|---|---|---|---|
| 003 | BLK | ||
| 005 | 20180420215154.0 | ||
| 008 | 180413b bul|||||r ||||||| ||bul|| | ||
| 010 | _aKNG00018385000 | ||
| 020 |
_a954-427-264-Х _bиздат.: Абагар |
||
| 040 | _aBLK | ||
| 041 |
_aBUL _cBUL |
||
| 080 |
_aПазар. Анализ на пазара. Търсене. Предлагане. Конкуренция. Маркетингова логистика _b339.13 _x _z339.13 |
||
| 100 | 1 |
_aИлева, Радка _eпърви автор _9261168 |
|
| 139 |
_aИЛЕВА, Радка _bИ 51 |
||
| 245 | 1 | 0 |
_aМаркетинг _cРадка Илева. |
| 257 | _aBGR | ||
| 260 |
_аВ. Търново _bАбагар _c1997 |
||
| 300 |
_a240 с. _bсъс сх., табл. _c22 см |
||
| 380 | _a3 | ||
| 500 | _a1 500 тир. | ||
| 650 | 4 |
_aМаркетинг _9161163 |
|
| 653 | _aмаркетинг | ||
| 852 | _aЦб 193943 | ||
| 856 | 4 |
_qpdf _u |
|
| 856 | 4 |
_qpdf _u |
|
| 942 |
_cKNG _n0 |
||
| 944 |
_aCR _c15.01.2003 _kAB_DOS |
||
| 944 |
_aED _c21.12.2016 _kДаниел_Димитров |
||
| 999 |
_c16506 _d16506 |
||